[Event "Aeroflot Open A 2018"]
[Site "Moscow RUS"]
[Date "2018.02.22"]
[Round "3.33"]
[White "Tabatabaei, M.amin"]
[Black "Sorokin, Aleksey"]
[Result "1/2-1/2"]
[WhiteTitle "IM"]
[BlackTitle "FM"]
[WhiteElo "2577"]
[BlackElo "2511"]
[WhiteFideId "12521213"]
[BlackFideId "24176460"]
[EventDate "2018.02.20"]

1. d4 Nf6 2. c4 e6 3. Nf3 b6 4. g3 Bb7 5. Bg2 Be7 6. O-O O-O 7. d5 exd5 8. Nh4
c6 9. cxd5 Nxd5 10. Nf5 Nc7 11. e4 d5 12. Nc3 Bf6 13. Bf4 Bc8 14. Qh5 g6 15.
Nh6+ Kg7 16. Qf3 d4 17. Rad1 Ne6 18. e5 Bg5 19. Ng4 Bxf4 20. gxf4 Qh4 21. Ne2
Ba6 22. Nxd4 Nxd4 23. Rxd4 Bxf1 24. Bxf1 Rd8 25. Rxd8 Qxd8 26. e6 h5 27. Qc3+ f6
28. Ne3 a5 29. f5 g5 30. h4 gxh4 31. Ng2 Qd5 32. Nxh4 Qe4 33. Ng2 h4 34. Bd3 Qg4
35. e7 h3 36. e8=N+ Kf8 37. Qxf6+ Kxe8 38. Qe6+ Kd8 39. Qf6+ Kc7 40. Qe5+ Kd8
41. Qf6+ Kd7 1/2-1/2

[Event "Aeroflot Open A 2018"]
[Site "Moscow RUS"]
[Date "2018.02.22"]
[Round "3.35"]
[White "Indjic, Aleksandar"]
[Black "Gagare, Shardul"]
[Result "0-1"]
[WhiteTitle "GM"]
[BlackTitle "GM"]
[WhiteElo "2612"]
[BlackElo "2494"]
[WhiteFideId "911925"]
[BlackFideId "5037883"]
[EventDate "2018.02.20"]

1. e4 e5 2. Nf3 Nc6 3. Bb5 a6 4. Ba4 Nf6 5. O-O Be7 6. d3 b5 7. Bb3 d6 8. c3 O-O
9. Re1 Na5 10. Bc2 c5 11. Nbd2 Nc6 12. Nf1 Be6 13. Ng3 Re8 14. h3 h6 15. Nh2 Rc8
16. f4 exf4 17. Bxf4 Nd7 18. Nh5 Nde5 19. Nf3 g6 20. Ng3 Nxf3+ 21. Qxf3 Bg5 22.
Ne2 d5 23. d4 cxd4 24. Rad1 Qb6 25. Kh1 dxe4 26. Bxe4 Bxa2 27. Bxg5 hxg5 28.
cxd4 Bc4 29. Ng3 Nxd4 30. Qe3 Rcd8 31. b3 Bxb3 32. Rxd4 Qxd4 33. Qxb3 Qc4 34.
Qf3 Rd4 35. Qe3 Qc5 36. Qf2 Qe5 37. Rf1 f5 38. Bf3 Kg7 39. Rc1 Re7 40. Rc6 Qe1+
41. Qxe1 Rxe1+ 42. Kh2 Ra4 43. Rc7+ Kf6 44. Rc6+ Re6 45. Rc1 Ra3 46. Nf1 b4 47.
Rb1 a5 48. Nd2 Rc3 49. Rb2 Rd6 50. Kg3 Rb6 51. Ra2 Rb5 52. Kh2 b3 53. Ra3 a4 54.
Rxa4 b2 55. Ra6+ Ke5 56. Rxg6 Rc2 57. Nb1 Rb4 58. Bh5 Rh4 59. Rb6 Rxh5 60. Na3
Rc3 61. Nb1 Rc2 62. Na3 Re2 63. Nc4+ Kd4 64. Nxb2 g4 65. Kg3 gxh3 66. gxh3 Re3+
67. Kf4 Rexh3 68. Rd6+ Kc5 69. Rd8 R3h4+ 70. Kf3 Re4 71. Nd3+ Kc6 72. Nf2 Ra4
73. Rd3 Rh6 74. Rb3 Rd4 75. Ra3 Kd5 76. Ke3 Re6+ 77. Kf3 Ke5 78. Nd3+ Kf6 79.
Nf4 Rc6 80. Rb3 Rdc4 81. Ne2 Kg5 82. Rb8 Ra4 83. Rg8+ Rg6 84. Rb8 Ra3+ 85. Kf2
Re6 86. Nd4 Re4 87. Nf3+ Kg4 88. Ng1 Ra2+ 89. Kf1 Rf4+ 90. Ke1 Ra1+ 91. Kd2 Rxg1
92. Rg8+ Kf3 93. Rxg1 Kf2 94. Rg5 Rd4+ 95. Kc3 Rd5 96. Kc4 Ra5 97. Kd3 Ra3+ 98.
Kd2 f4 99. Rf5 f3 100. Rg5 Ra8 101. Rg7 Rd8+ 102. Kc1 Ke2 103. Re7+ Kf1 104. Rf7
f2 105. Rg7 Rd4 0-1

[Event "Aeroflot Open A 2018"]
[Site "Moscow RUS"]
[Date "2018.02.22"]
[Round "3.36"]
[White "Gholami, Aryan"]
[Black "Alekseenko, Kirill"]
[Result "0-1"]
[WhiteTitle "IM"]
[BlackTitle "GM"]
[WhiteElo "2489"]
[BlackElo "2609"]
[WhiteFideId "12513342"]
[BlackFideId "4135539"]
[EventDate "2018.02.20"]

1. Nf3 Nf6 2. g3 d5 3. Bg2 c6 4. O-O Bf5 5. c4 e6 6. cxd5 exd5 7. d3 Na6 8. Nc3
Be7 9. Nd4 Bg6 10. e4 Nc5 11. exd5 O-O 12. Nde2 Nxd3 13. dxc6 bxc6 14. Nf4 Rb8
15. Nxg6 hxg6 16. Qe2 c5 17. b3 Qd4 18. Bd2 Rfe8 19. Bc6 Bf8 20. Bxe8 Rxe8 21.
Qd1 Ng4 22. Nb5 Qd7 23. Bc3 Qf5 24. Qc2 Qf3 25. Rae1 Rb8 26. Nxa7 c4 27. Bd4 Rd8
28. Qxc4 Nf4 29. gxf4 Qh3 0-1

[Event "Aeroflot Open A 2018"]
[Site "Moscow RUS"]
[Date "2018.02.22"]
[Round "3.37"]
[White "Goryachkina, Aleksandra"]
[Black "Oparin, Grigoriy"]
[Result "1/2-1/2"]
[WhiteTitle "WGM"]
[BlackTitle "GM"]
[WhiteElo "2493"]
[BlackElo "2607"]
[WhiteFideId "4147103"]
[BlackFideId "24125890"]
[EventDate "2018.02.20"]

1. d4 Nf6 2. c4 e6 3. Nc3 Bb4 4. f3 d5 5. a3 Be7 6. e4 dxe4 7. fxe4 c5 8. d5
exd5 9. exd5 O-O 10. Nf3 Bd6 11. Be2 Bg4 12. O-O Nbd7 13. h3 Bxf3 14. Rxf3 Qe7
15. Bg5 Rae8 16. Qd2 Qe5 17. Bf4 Qe7 18. Bg5 Qe5 19. Bf4 1/2-1/2

[Event "Aeroflot Open A 2018"]
[Site "Moscow RUS"]
[Date "2018.02.22"]
[Round "3.38"]
[White "Predke, Alexandr"]
[Black "Belyakov, Bogdan"]
[Result "1-0"]
[WhiteTitle "GM"]
[BlackTitle "IM"]
[WhiteElo "2595"]
[BlackElo "2486"]
[WhiteFideId "24107581"]
[BlackFideId "24104795"]
[EventDate "2018.02.20"]

1. d4 Nf6 2. Nf3 g6 3. g3 Bg7 4. Bg2 O-O 5. O-O a6 6. a4 d6 7. a5 Nc6 8. d5 Nb8
9. c4 c5 10. Nc3 Nbd7 11. e4 b5 12. axb6 Qxb6 13. h3 Rb8 14. Kh2 Ne8 15. Ra3 Ne5
16. Nd2 Qc7 17. Qe2 Nd7 18. Nb3 Nb6 19. Na5 Bd7 20. Bd2 e6 21. Nd1 Nf6 22. Ne3
Rfe8 23. Qd3 exd5 24. exd5 Nc8 25. Bc3 Ne7 26. g4 h6 27. f4 Qc8 28. f5 g5 29.
Nd1 Qc7 30. Qg3 Nc8 31. h4 Nb6 32. hxg5 hxg5 33. b3 Re2 34. Rf2 Rxf2 35. Nxf2
Re8 36. Ra2 Bc8 37. Qd3 Qe7 38. Nc6 Qe3 39. Qxe3 Rxe3 40. Bxf6 Bxf6 41. Ne4 Kg7
42. Nxd6 Bd7 43. Ne4 Rxb3 44. Nxc5 Rb2 45. Rxb2 Bxb2 46. Na5 Be5+ 47. Kh3 Bc7
48. Ncb7 Na4 49. d6 Bxa5 50. Nxa5 Kf6 51. Nb7 Ke5 52. c5 Bc8 53. c6 Nb6 54. Kg3
f6 55. Bf3 Kd4 56. Bd1 Ke5 57. Ba4 1-0

[Event "Aeroflot Open A 2018"]
[Site "Moscow RUS"]
[Date "2018.02.22"]
[Round "3.39"]
[White "Bellaiche, Anthony"]
[Black "Narayanan, S.L."]
[Result "0-1"]
[WhiteTitle "IM"]
[BlackTitle "GM"]
[WhiteElo "2485"]
[BlackElo "2573"]
[WhiteFideId "615668"]
[BlackFideId "5058422"]
[EventDate "2018.02.20"]

1. d4 Nf6 2. c4 g6 3. Nc3 d5 4. cxd5 Nxd5 5. e4 Nxc3 6. bxc3 Bg7 7. Nf3 c5 8.
Be3 Qa5 9. Qd2 O-O 10. Rc1 Nd7 11. d5 Nf6 12. e5 Nd7 13. Bh6 Nxe5 14. Nxe5 Bxe5
15. Bxf8 Kxf8 16. f4 Bf6 17. Be2 Bf5 18. O-O Rd8 19. Bf3 c4 20. Kh1 e6 21. Qb2
exd5 22. Qxb7 Qc5 23. Rfe1 Bd3 24. a4 a5 25. Qb5 Qxb5 26. axb5 a4 27. Be2 Bxe2
28. Rxe2 Rb8 29. Rb1 Bxc3 30. Ra2 Ke7 31. b6 Kd6 32. g3 Kc5 33. Rxa4 Rxb6 34.
Rxb6 Kxb6 35. Kg2 Kb5 36. Ra7 Ba5 37. Kf3 c3 38. Rb7+ Kc4 0-1

[Event "Aeroflot Open A 2018"]
[Site "Moscow RUS"]
[Date "2018.02.22"]
[Round "3.40"]
[White "Chigaev, Maksim"]
[Black "Pogonina, Natalija"]
[Result "1-0"]
[WhiteTitle "GM"]
[BlackTitle "WGM"]
[WhiteElo "2560"]
[BlackElo "2478"]
[WhiteFideId "4108116"]
[BlackFideId "4147855"]
[EventDate "2018.02.20"]

1. e4 e5 2. Nf3 Nc6 3. d4 exd4 4. Nxd4 Nf6 5. Nxc6 bxc6 6. e5 Qe7 7. Qe2 Nd5 8.
h4 f6 9. c4 Ba6 10. Rh3 O-O-O 11. Ra3 Nb4 12. Ra4 Bb7 13. a3 Na6 14. b4 Qf7 15.
Be3 Re8 16. c5 Nb8 17. Rxa7 Rxe5 18. Nd2 d5 19. Nb3 d4 20. Nxd4 f5 21. O-O-O Be7
22. Rxb7 Kxb7 23. Nxc6 Nxc6 24. Qb5+ Ka7 25. Rd7 1-0

[Event "Aeroflot Open A 2018"]
[Site "Moscow RUS"]
[Date "2018.02.22"]
[Round "3.41"]
[White "Liu, Yan"]
[Black "Kotronias, Vasilios"]
[Result "1/2-1/2"]
[WhiteTitle "IM"]
[BlackTitle "GM"]
[WhiteElo "2476"]
[BlackElo "2529"]
[WhiteFideId "8608962"]
[BlackFideId "5900212"]
[EventDate "2018.02.20"]

1. Nf3 Nf6 2. c4 g6 3. g3 Bg7 4. Bg2 O-O 5. d4 d6 6. O-O Nbd7 7. Qc2 e5 8. Rd1
Qe7 9. Nc3 c6 10. e4 exd4 11. Nxd4 Re8 12. Bf4 Ne5 13. b3 a6 14. h3 b5 15. c5
dxc5 16. Bxe5 cxd4 17. Bxd4 Be6 18. e5 Nd7 19. f4 Rac8 20. Ne4 Bf5 21. g4 Bxe4
22. Qxe4 g5 23. e6 Nc5 24. exf7+ Qxf7 25. Qf5 Qxf5 26. gxf5 Re1+ 27. Rxe1 Bxd4+
28. Kh2 Bxa1 29. Rxa1 gxf4 30. Rf1 Nd3 31. Be4 Ne5 32. Rxf4 Rd8 33. Kg3 Rd6 34.
Rh4 Nd7 35. Kf4 c5 36. Rg4+ Kf7 37. Rg2 Rd4 38. Ke3 Nf6 39. Bb7 Rh4 40. Rc2
Rxh3+ 41. Kf4 c4 42. bxc4 bxc4 43. Bxa6 c3 44. Ke5 Ng4+ 45. Kd4 Ne3 46. Rxc3
Nxf5+ 1/2-1/2

[Event "Aeroflot Open A 2018"]
[Site "Moscow RUS"]
[Date "2018.02.22"]
[Round "3.42"]
[White "Gallego Alcaraz, Andres Felipe"]
[Black "Praggnanandhaa, R"]
[Result "1/2-1/2"]
[WhiteTitle "IM"]
[BlackTitle "IM"]
[WhiteElo "2461"]
[BlackElo "2507"]
[WhiteFideId "4402669"]
[BlackFideId "25059530"]
[EventDate "2018.02.20"]

1. d4 Nf6 2. c4 e6 3. Nf3 d5 4. g3 Bb4+ 5. Bd2 Bd6 6. Bg2 c6 7. O-O O-O 8. b3
Ne4 9. Bc1 Qe7 10. Nfd2 f5 11. Nxe4 fxe4 12. f3 exf3 13. exf3 Bd7 14. Re1 Be8
15. Bh3 Bf7 16. cxd5 cxd5 17. Nc3 Qf6 18. Nb5 Bb4 19. Bd2 Bxd2 20. Qxd2 Nc6 21.
Rad1 e5 22. dxe5 Nxe5 23. Nd4 Nxf3+ 24. Nxf3 Qxf3 25. Bg2 Qf6 26. Bxd5 Rad8 27.
Bxf7+ Qxf7 28. Qxd8 Qf2+ 29. Kh1 Qf3+ 30. Kg1 Qf2+ 31. Kh1 Qf3+ 1/2-1/2

[Event "Aeroflot Open A 2018"]
[Site "Moscow RUS"]
[Date "2018.02.22"]
[Round "3.44"]
[White "Kobalia, Mikhail"]
[Black "Dragnev, Valentin"]
[Result "1-0"]
[WhiteTitle "GM"]
[BlackTitle "IM"]
[WhiteElo "2599"]
[BlackElo "2461"]
[WhiteFideId "4119150"]
[BlackFideId "1634852"]
[EventDate "2018.02.20"]

1. d4 Nf6 2. c4 e6 3. Nf3 d5 4. g3 Bb4+ 5. Nc3 dxc4 6. Bg2 O-O 7. O-O Nc6 8. a3
Be7 9. e4 Rb8 10. Be3 Na5 11. Qc2 b6 12. Rad1 Bb7 13. Ne5 Nd7 14. f4 Nxe5 15.
fxe5 Qe8 16. d5 Rd8 17. Qe2 Kh8 18. Kh1 Bc8 19. a4 f6 20. exf6 Bxf6 21. Nb5 exd5
22. Nxc7 Qxa4 23. exd5 Qb4 24. Ne6 Bxe6 25. dxe6 Qe7 26. Bf4 Rd3 27. b3 Qb4 28.
Rxd3 cxd3 29. Qxd3 Qe7 30. Bd6 Qd8 31. Be4 Re8 32. Qd5 Nc4 33. Qh5 g6 34. Bxg6
Qa8+ 35. Rf3 Qb7 36. Be4 Qxe4 37. Qxe8+ Kg7 38. Bf8+ 1-0

[Event "Aeroflot Open A 2018"]
[Site "Moscow RUS"]
[Date "2018.02.22"]
[Round "3.45"]
[White "Sychev, Klementy"]
[Black "Abdumalik, Zhansaya"]
[Result "1-0"]
[WhiteTitle "IM"]
[BlackTitle "IM"]
[WhiteElo "2529"]
[BlackElo "2449"]
[WhiteFideId "4114060"]
[BlackFideId "13703544"]
[EventDate "2018.02.20"]

1. e4 e5 2. Nf3 Nc6 3. d4 exd4 4. Nxd4 Nf6 5. Nxc6 bxc6 6. e5 Qe7 7. Qe2 Nd5 8.
h4 a5 9. c4 Nb6 10. Nc3 Ba6 11. b3 Qe6 12. Bb2 a4 13. O-O-O Bb4 14. Rh3 axb3 15.
axb3 Bb7 16. Rg3 Qh6+ 17. Kb1 O-O-O 18. Ne4 c5 19. Qg4 f6 20. exf6 Bxe4+ 21.
Qxe4 gxf6 22. Qf5 Rhf8 23. Bc1 Qxh4 24. Rh3 1-0

[Event "Aeroflot Open A 2018"]
[Site "Moscow RUS"]
[Date "2018.02.22"]
[Round "3.46"]
[White "Shinkevich, Vitaly"]
[Black "Sargsyan, Shant"]
[Result "1-0"]
[WhiteTitle "IM"]
[BlackTitle "IM"]
[WhiteElo "2454"]
[BlackElo "2481"]
[WhiteFideId "4122690"]
[BlackFideId "13306766"]
[EventDate "2018.02.20"]

1. d4 Nf6 2. Nf3 d5 3. c4 e6 4. Nc3 Bb4 5. g3 O-O 6. Bg2 dxc4 7. O-O Nc6 8. a3
Bxc3 9. bxc3 Rb8 10. Bg5 h6 11. Bh4 b5 12. e4 Ne7 13. Bxf6 gxf6 14. Nh4 Ng6 15.
Qh5 Kg7 16. f4 f5 17. Rae1 Qf6 18. Nf3 c5 19. Ne5 cxd4 20. Nc6 fxe4 21. Nxb8 a6
22. Bxe4 dxc3 23. Qc5 Rd8 24. Nc6 Rd2 25. Ne5 Nxe5 26. fxe5 Qd8 27. Kh1 c2 28.
Qe3 Qg5 29. Qf3 Qe7 30. h4 a5 31. Qe3 Rd8 32. Rf6 1-0

[Event "Aeroflot Open A 2018"]
[Site "Moscow RUS"]
[Date "2018.02.23"]
[Round "4.1"]
[White "Bologan, Victor"]
[Black "Petrosian, Tigran L."]
[Result "1/2-1/2"]
[WhiteTitle "GM"]
[BlackTitle "GM"]
[WhiteElo "2600"]
[BlackElo "2589"]
[WhiteFideId "13900048"]
[BlackFideId "13301616"]
[EventDate "2018.02.20"]

1. e4 e5 2. Nf3 Nf6 3. Nc3 Nc6 4. Bb5 Bb4 5. O-O O-O 6. d3 Bxc3 7. bxc3 d6 8.
Bg5 h6 9. Bh4 Qe7 10. Bxc6 bxc6 11. Nd2 g5 12. Bg3 Bg4 13. Qe1 Be6 14. Qe2 Nd7
15. d4 f6 16. Nc4 Nb6 17. Na5 Qf7 18. Rfd1 Bc4 19. Qe1 Bb5 20. h4 exd4 21. hxg5
hxg5 22. cxd4 Rae8 23. Qe3 Nc4 24. Nxc4 Bxc4 25. Re1 Re7 26. f3 Rfe8 27. a4 Qg6
28. Qc3 d5 29. Kf2 f5 30. exf5 Re2+ 31. Rxe2 Rxe2+ 32. Kg1 Qxf5 33. Re1 Qxc2 34.
Qxc2 Rxc2 35. Re8+ Kf7 36. Rc8 Rc1+ 37. Kh2 Bf1 38. Rxc7+ Kg6 39. Bf2 a6 40. Rc8
Rc2 41. Kg1 Be2 42. Be3 Rc3 43. Kf2 Bd1 44. a5 Rc2+ 45. Ke1 Be2 46. Rg8+ Kf7 47.
Rxg5 Bb5 48. Bd2 Rc4 49. Rg4 c5 50. Rf4+ Ke6 51. dxc5 Rxc5 52. g4 Rc4 53. Rxc4
dxc4 54. Kf2 Kf6 55. Ke3 Bd7 56. Bc3+ Kg5 57. Bb4 Kf6 58. Bd2 Bc8 59. Bb4 Bd7
60. Bc3+ Kg5 61. Bd4 Bc8 62. Bb2 Bd7 63. Bc1 Bc6 64. Bd2 Bb7 65. Bb4 Bc8 66. Bd2
Kf6 67. Kf4 Bb7 68. Be1 Bc6 69. Ke3 Bd7 70. Bh4+ Kf7 71. Be1 Kf6 72. Bd2 Bc8 73.
Kf2 Bd7 74. Ke2 Bc8 75. Bb4 Bd7 76. Bc5 Bc8 77. Ke3 Bd7 78. Bb6 Bc8 79. Bd8+ Kf7
80. Bb6 c3 81. Bd4 c2 82. Bb2 Bd7 83. Kf4 Bc6 84. Bc1 Bb7 85. Ke3 Bc8 86. Kf2
Kg6 87. Ke3 Kf7 88. Bd2 Bd7 89. Kd4 Bc6 90. Ke3 Bd7 91. Kf2 Kg6 92. Kg3 Bc8 93.
f4 Bd7 94. Kf3 Bc8 95. Bc1 Bd7 96. f5+ Bxf5 97. gxf5+ Kxf5 98. Bf4 c1=N 99. Bxc1
Ke5 100. Ke3 1/2-1/2

[Event "Aeroflot Open A 2018"]
[Site "Moscow RUS"]
[Date "2018.02.23"]
[Round "4.2"]
[White "Khalifman, Alexander"]
[Black "Matlakov, Maxim"]
[Result "1/2-1/2"]
[WhiteTitle "GM"]
[BlackTitle "GM"]
[WhiteElo "2614"]
[BlackElo "2709"]
[WhiteFideId "4100115"]
[BlackFideId "4168003"]
[EventDate "2018.02.20"]

1. d4 d5 2. c4 c6 3. Nf3 Nf6 4. Nc3 e6 5. Bg5 h6 6. Bxf6 Qxf6 7. e3 g6 8. Be2
Bg7 9. O-O O-O 10. cxd5 exd5 11. b4 a6 12. a4 1/2-1/2

[Event "Aeroflot Open A 2018"]
[Site "Moscow RUS"]
[Date "2018.02.23"]
[Round "4.3"]
[White "Antipov, Mikhail Al."]
[Black "Artemiev, Vladislav"]
[Result "0-1"]
[WhiteTitle "GM"]
[BlackTitle "GM"]
[WhiteElo "2598"]
[BlackElo "2697"]
[WhiteFideId "4107012"]
[BlackFideId "24101605"]
[EventDate "2018.02.20"]

1. d4 Nf6 2. c4 c6 3. Nf3 d5 4. e3 Bf5 5. Nc3 e6 6. Nh4 Bg6 7. Nxg6 hxg6 8. g3
Nbd7 9. Qe2 Bb4 10. Bd2 Bxc3 11. Bxc3 Ne4 12. cxd5 exd5 13. Bg2 f5 14. f3 Nxc3
15. bxc3 Qg5 16. e4 fxe4 17. fxe4 O-O 18. Rf1 dxe4 19. Bh3 Rxf1+ 20. Kxf1 Nf6
21. Be6+ Kh7 22. Kg1 Re8 23. Bf7 Re7 24. Bb3 Nd5 25. Rf1 Nxc3 26. Qg2 Qh5 27.
Rf8 Nd5 28. Bxd5 cxd5 29. Qc2 Qg4 30. Qc8 Qxc8 31. Rxc8 Re6 32. Rc7 Rb6 33. Rd7
Rb2 34. h4 Rxa2 35. Rxb7 a5 36. Rb5 a4 37. Rxd5 a3 0-1

[Event "Aeroflot Open A 2018"]
[Site "Moscow RUS"]
[Date "2018.02.23"]
[Round "4.4"]
[White "Maghsoodloo, Parham"]
[Black "Kovalev, Vladislav"]
[Result "1/2-1/2"]
[WhiteTitle "GM"]
[BlackTitle "GM"]
[WhiteElo "2594"]
[BlackElo "2641"]
[WhiteFideId "12539929"]
[BlackFideId "13504398"]
[EventDate "2018.02.20"]

1. Nf3 Nf6 2. g3 g6 3. Bg2 Bg7 4. O-O c5 5. d4 cxd4 6. Nxd4 d5 7. c4 O-O 8. Na3
e5 9. Nb3 d4 10. Bg5 h6 11. Bxf6 Qxf6 12. c5 Nc6 13. Nc4 Be6 14. Nd6 Qe7 15. Qd2
f5 16. e3 dxe3 17. Qxe3 e4 18. f3 a5 19. Rad1 a4 20. Nc1 Qg5 21. Qxg5 hxg5 22.
fxe4 f4 23. gxf4 gxf4 24. e5 Bg4 25. Bxc6 bxc6 26. Rde1 Be6 27. Nd3 g5 28. h4
gxh4 29. Nxf4 Bxa2 30. Re4 a3 31. bxa3 Rxa3 32. e6 Rg3+ 33. Kh2 Bxe6 34. Rxe6
Rg4 1/2-1/2

[Event "Aeroflot Open A 2018"]
[Site "Moscow RUS"]
[Date "2018.02.23"]
[Round "4.5"]
[White "Sethuraman, S.P."]
[Black "Lysyj, Igor"]
[Result "1/2-1/2"]
[WhiteTitle "GM"]
[BlackTitle "GM"]
[WhiteElo "2646"]
[BlackElo "2618"]
[WhiteFideId "5021596"]
[BlackFideId "4150120"]
[EventDate "2018.02.20"]

1. e4 e5 2. Nf3 Nc6 3. Bb5 Nf6 4. d3 Bc5 5. Bxc6 dxc6 6. Nbd2 O-O 7. Nc4 Nd7 8.
Qe2 f6 9. Be3 Qe7 10. Nh4 Bxe3 11. Nxe3 Nc5 12. g3 Ne6 13. O-O-O a5 14. Kb1 a4
15. c3 g6 16. Nhg2 Nc5 17. h4 Be6 18. f4 Qf7 19. c4 Qd7 20. h5 g5 21. Ne1 gxf4
22. gxf4 exf4 23. N3c2 Kh8 24. Rh4 Rad8 25. d4 f5 26. exf5 Rxf5 27. Nf3 Bg8 28.
Ne5 Qe6 29. Re1 f3 30. Qf2 Rxe5 31. dxe5 Nd3 32. Qxf3 Nxe1 33. Nxe1 Qxe5 34. Re4
Qg5 35. Rg4 Qe5 36. Re4 Qg5 37. Rg4 Qe5 38. Re4 1/2-1/2

[Event "Aeroflot Open A 2018"]
[Site "Moscow RUS"]
[Date "2018.02.23"]
[Round "4.6"]
[White "Fedoseev, Vladimir3"]
[Black "Paravyan, David"]
[Result "1-0"]
[WhiteTitle "GM"]
[BlackTitle "GM"]
[WhiteElo "2724"]
[BlackElo "2603"]
[WhiteFideId "24130737"]
[BlackFideId "4194985"]
[EventDate "2018.02.20"]

1. e4 e6 2. d4 d5 3. e5 c5 4. c3 Nc6 5. Nf3 Qb6 6. a3 c4 7. Nbd2 Na5 8. g3 Bd7
9. Bg2 Ne7 10. O-O Nf5 11. Rb1 O-O-O 12. Re1 Be7 13. Qc2 Kb8 14. Nf1 Qb3 15. Qe2
Ba4 16. Bg5 Rhe8 17. Ne3 Nxe3 18. fxe3 Qc2 19. Qf1 Qf5 20. Bxe7 Rxe7 21. Nh4 Qd3
22. Re2 g5 23. Nf3 Nb3 24. Rbe1 Qg6 25. e4 dxe4 26. Nd2 Nxd2 27. Rxd2 Bc6 28.
Qxc4 f5 29. exf6 Qxf6 30. Rf2 Qg7 31. Bxe4 Bd5 32. Qe2 Rde8 33. Ref1 a6 34. Rf6
g4 35. Qe3 Ka7 36. Bg2 h5 37. Qe5 Rd8 38. Qxh5 Bxg2 1-0

[Event "Aeroflot Open A 2018"]
[Site "Moscow RUS"]
[Date "2018.02.23"]
[Round "4.7"]
[White "Karthikeyan, Murali"]
[Black "Mamedov, Rauf"]
[Result "1-0"]
[WhiteTitle "GM"]
[BlackTitle "GM"]
[WhiteElo "2585"]
[BlackElo "2709"]
[WhiteFideId "5074452"]
[BlackFideId "13401653"]
[EventDate "2018.02.20"]

1. e4 c5 2. Nf3 Nc6 3. Bb5 g6 4. Bxc6 bxc6 5. O-O Bg7 6. Re1 Nh6 7. c3 O-O 8. d4
cxd4 9. cxd4 d5 10. e5 f6 11. Nbd2 fxe5 12. Nxe5 Bxe5 13. dxe5 Qb6 14. Nf3 Nf5
15. Qc2 c5 16. b3 Bb7 17. Ba3 Rac8 18. Rab1 Ng7 19. e6 Nxe6 20. Ne5 Qd6 21. Rbc1
d4 22. f3 Rf5 23. Nc4 Qd7 24. Qe2 Bd5 25. Rcd1 Rcf8 26. Bc1 Qc7 27. Ne5 a5 28.
Ng4 Rh5 29. Qf2 Ng7 30. Re2 Be6 31. Nh6+ Kh8 32. Qg3 Qxg3 33. hxg3 Rd5 34. Rde1
Rf6 35. Re5 a4 36. Bg5 axb3 37. axb3 d3 38. Rxd5 Bxd5 39. Bxf6 exf6 40. Rd1 c4
41. bxc4 Bxc4 42. Ng4 Nf5 43. Kf2 Kg7 44. Rc1 Bb5 45. Rc7+ Kf8 46. Rc5 Ba4 47.
Rd5 Kf7 48. Rxd3 h5 49. Ra3 hxg4 50. Rxa4 gxf3 51. Ra7+ Ke6 52. gxf3 g5 53. Ra5
Ne7 54. Kg2 Ng6 55. Ra6+ Kf5 56. Kf2 Ne5 57. Ra5 Kg6 58. Rd5 Kf5 59. Ke3 Ke6 60.
Rb5 Nf7 61. Kd4 Nh6 62. Ke4 Kf7 63. Rb7+ Kg6 64. g4 Nf7 65. Re7 Nh6 66. Kd5 Nf7
67. Re1 Nh6 68. Re2 Nf7 69. Ke6 Nh8 70. Rd2 Nf7 71. Rd5 Nh6 72. Rf5 Ng8 73. Ra5
Nh6 74. Ke7 Kg7 75. Ke8 Kg8 76. Ra7 f5 77. Ra6 1-0

[Event "Aeroflot Open A 2018"]
[Site "Moscow RUS"]
[Date "2018.02.23"]
[Round "4.8"]
[White "Xu, Xiangyu"]
[Black "Korobov, Anton"]
[Result "1/2-1/2"]
[WhiteTitle "GM"]
[BlackTitle "GM"]
[WhiteElo "2545"]
[BlackElo "2664"]
[WhiteFideId "8608288"]
[BlackFideId "14105730"]
[EventDate "2018.02.20"]

1. c4 e6 2. d4 d5 3. Nc3 c6 4. e4 dxe4 5. Nxe4 Bb4+ 6. Nc3 c5 7. a3 Bxc3+ 8.
bxc3 Nf6 9. Nf3 Nc6 10. Be2 O-O 11. O-O h6 12. Bf4 b6 13. Ne5 Nxe5 14. dxe5 Nh7
15. Bf3 Rb8 16. Qa4 Bb7 17. Rfd1 Qe8 18. Qxa7 Bxf3 19. gxf3 Qc6 20. Kg2 Rb7 21.
Rd6 Qxd6 22. Qxb7 Qd3 23. Qxb6 Qxc4 24. Be3 Qxc3 25. Rc1 Qxa3 26. Qxc5 Qa8 27.
Qa7 Qd5 28. Qc5 Qd8 29. Rc4 Re8 30. Rd4 Qa8 31. Qc7 Qc8 32. Rc4 Qxc7 33. Rxc7
Nf8 34. Kg3 Ng6 35. f4 Ne7 36. Rb7 Nf5+ 37. Kf3 Rc8 38. Ra7 Rc3 39. Rb7 Ra3 40.
Rc7 Rb3 41. Ra7 Rb1 42. Kg2 Rb2 43. Kf3 Nxe3 44. Kxe3 Rb3+ 45. Ke4 Rh3 46. Ra8+
Kh7 47. Ra7 Kg6 48. Ra6 Rh5 49. Rb6 Kh7 50. Rb7 Rf5 51. h4 Kg6 52. Kf3 Kh5 53.
Kg3 g5 54. hxg5 hxg5 55. fxg5 Rxg5+ 56. Kf4 Rf5+ 57. Kg3 Rg5+ 58. Kf4 1/2-1/2

[Event "Aeroflot Open A 2018"]
[Site "Moscow RUS"]
[Date "2018.02.23"]
[Round "4.9"]
[White "Gordievsky, Dmitry"]
[Black "Aryan, Chopra"]
[Result "1-0"]
[WhiteTitle "GM"]
[BlackTitle "GM"]
[WhiteElo "2630"]
[BlackElo "2509"]
[WhiteFideId "24112798"]
[BlackFideId "5084423"]
[EventDate "2018.02.20"]

1. c4 Nf6 2. Nc3 g6 3. Nf3 Bg7 4. e4 d6 5. d4 O-O 6. Be2 e5 7. O-O Nc6 8. d5 Ne7
9. b4 Nh5 10. g3 f5 11. Ng5 Nf6 12. f3 f4 13. b5 fxg3 14. hxg3 h6 15. Ne6 Bxe6
16. dxe6 Qc8 17. Nd5 Qxe6 18. Nxc7 Qh3 19. Rf2 Nxe4 20. Rh2 Qd7 21. fxe4 Qxc7
22. Be3 Kh7 23. a4 a6 24. Qd2 Ng8 25. a5 Rac8 26. bxa6 bxa6 27. Rb1 Rf6 28. Rb6
Rb8 29. c5 Rd8 30. c6 h5 31. g4 d5 32. gxh5 gxh5 33. Rxh5+ Nh6 34. Bxh6 Rxh6 35.
Qg5 Rg8 36. Bg4 Qd6 37. c7 1-0

[Event "Aeroflot Open A 2018"]
[Site "Moscow RUS"]
[Date "2018.02.23"]
[Round "4.10"]
[White "Abdusattorov, Nodirbek"]
[Black "Romanov, Evgeny"]
[Result "1/2-1/2"]
[WhiteTitle "IM"]
[BlackTitle "GM"]
[WhiteElo "2516"]
[BlackElo "2621"]
[WhiteFideId "14204118"]
[BlackFideId "4148843"]
[EventDate "2018.02.20"]

1. d4 d5 2. c4 e6 3. Nf3 Bb4+ 4. Bd2 a5 5. Nc3 Nf6 6. e3 O-O 7. Bd3 b6 8. O-O
Bb7 9. Rc1 Nbd7 10. a3 Bxc3 11. Bxc3 Ne4 12. cxd5 exd5 13. b4 axb4 14. axb4 c5
15. bxc5 bxc5 16. dxc5 Ndxc5 17. Be2 Nxc3 18. Rxc3 Ne4 19. Rb3 Ba6 20. Bxa6 Rxa6
21. Qd4 h6 22. Rd3 Ra5 23. Qe5 Re8 24. Qf4 Qc8 25. Qh4 Qa6 26. Rdd1 Nc3 27. Rde1
Ra4 28. Qh5 Ra2 29. Nd4 Qd3 30. Qf5 Qxf5 31. Nxf5 Ne2+ 32. Kh1 g6 33. Nh4 d4 34.
exd4 Rd8 35. Nf3 Nxd4 36. Nxd4 Rxd4 37. g3 Kg7 38. Kg2 h5 39. h4 1/2-1/2